00269nam a2200109 a 4500008004100000050001600041100002200057245003200079260002900111300001000140350000900150120416s1981 ||||||||||||||||| || u aPR 6056 Fre aFreemantle, Brian10aMadrigal for Charlie Muffin aLondonbHutchinsonc1981 a217p. a0.00